Journal of Management Information and Decision Sciences

Detalles Bibliográficos
Formato: Electrónico Seriadas
Publicado: [S.l.] : Jordan Whitney Enterprises, Inc.
Materias:
Acceso en línea:Full text available from Research Library: 01/01/2006 to present

MARC

LEADER 00000nas a22000003u 4500
001 ssib025104025
003 WaSeSS
005 20200512172242.0
006 m d
007 cr n
008 200512uuuuuuuuu||||| |ss|||||| ||||||d
022 |y 1524-7252 
035 |a (WaSeSS)ssib025104025 
040 |a WaSeSS  |c WaSeSS  |d WaSeSS 
245 0 0 |a Journal of Management Information and Decision Sciences  |h [electronic resource]. 
260 |a [S.l.] :  |b Jordan Whitney Enterprises, Inc. 
500 |a Title from content provider. 
506 |a License restrictions may limit access. 
655 0 |a Electronic journals. 
856 4 0 |z Full text available from Research Library: 01/01/2006 to present  |u https://search.proquest.com/publication/38743